00533nam a22001457a 4500003000400000005001700004008004100021040001400062100002800076245012100104260000900225300002700234500009900261504002700360OSt20171010095457.0120706t xxu||||| |||| 00| 0 eng d aMMSUcULS aAcosta, Rowena Leah D.  aIsolation and characteriazation of protease producing bacteria from soil for de-staining purposes cEva Ramos Aceret c2008 axv, 40 leaves c28 cm. aThesis (BS Biology) -- Mariano Marcos State University-College of Arts & Sciences, Batac City  aBibliography: leaf 27